000
00275nam a2200109Ia 4500
005
20251222144815.0
008
251222s9999||||xx |||||||||||||| ||spa||
082
_a
330.98/P80/1988
245
0
_a
Progreso Económico y Social en América Latina:
264
_b
BID
942
_c
LIB
999
_c
20254
_d
20254